Normal view
MARC view
Entry Personal Name
001 - CONTROL NUMBER
- control field: 16975
003 - CONTROL NUMBER IDENTIFIER
- control field: dpl
005 - DATE AND TIME OF LATEST TRANSACTION
- control field: 20100826104937.0
008 - FIXED-LENGTH DATA ELEMENTS
- fixed length control field: 100826|||a|||||| | ||| d
040 ## - CATALOGING SOURCE
- Original cataloging agency: dpl
- Transcribing agency: dpl
100 ## - HEADING--PERSONAL NAME
- Personal name: Nandy, Somendra Chandra
670 ## - SOURCE DATA FOUND
- Source citation: Work cat.: (dpl): British Indian Association (Kolkata) 16971, The proceedings of the british Indian association /, 2009
670 ## - SOURCE DATA FOUND
- Source citation: Work cat.: (dpl): British Indian Association (Kolkata) 16971, The proceedings of the british Indian association /, 2009
